Logo BPK

Biblioteka

Politechniki Koszalińskiej

3D Studio MAX 3 fundamentals / (Rekord nr 36863)

Szczegóły MARC
000 -ETYKIETA REKORDU
podpole kontrolne o stałej długości 00620nam a2200229 i 4500
001 - NUMER KONTROLNY REKORDU
pole kontrolne bg
020 ## - MIĘDZYNARODOWY ZNORMALIZOWANY NUMER KSIĄŻKI - ISBN
ISBN 0735700494
040 ## - ŹRÓDŁO KATALOGOWANIA
Instytucja, która utworzyła rekord BPK
041 0# - KOD JĘZYKA
Kod języka tekstu en
080 ## - UNIWERSALNA KLASYFIKACJA DZIESIĘTNA - UKD
UKD 004.42:004.4'27
920 ## - Międzynarodowy znormalizowany numer książki – ISBN
ISBN 0-7357-0049-4
008 - POLE O STAŁEJ DŁUGOŚCI - DANE KONTROLNE
podpole kontrolne o stałej długości s pl f |000 0 pol
100 1# - NAZWA OSOBOWA
Nazwa osobowa PETERSON, Michael Todd
245 10 - TYTUŁ/ODPOWIEDZIALNOŚĆ
Tytuł 3D Studio MAX 3 fundamentals /
Pozostałe elementy strefy tytułu i oznaczenia odpowiedzialności Michael Todd Peterson ; cover art by Steve Burke.
260 ## - STREFA ADRESU WYDAWNICZEGO
Miejsce wydania Indianapolis :
Nazwa wydawcy/dystrybutora New Riders,
Data publikacji, dystrybucji/powstania dokumentu 1999.
300 ## - STREFA OPISU FIZYCZNEGO
Objętość XV, 574 s. :
Inne cechy fizyczne il. ;
Rozmiary 23 cm +
Dokument towarzyszący CD ROM.
504 ## - UWAGA DOTYCZĄCA BIBLIOGRAFII
Informacje o bibliografii Indeks.
650 #9 - HASŁO PRZEDMIOTOWE W FORMIE NAZWY OGÓLNEJ LUB JEDNOSTKOWEJ
Nazwa ogólna lub geograficzna 3D Studio
655 ## - TERMIN INDEKSOWY - OKREŚLENIE RODZAJU/FORMY DOKUMENTU
Określenie rodzaju/formy dokumentu Podręczniki
700 1# - HASŁO DODATKOWE - NAZWA OSOBOWA
Nazwa osobowa BURKE, Steve
942 ## - DODATKOWE ELEMENTY (KOHA)
Typ dokumentu Książka
Egzemplarze
Wycofany Status egzemplarza Uszkodzony Dostępność Lokalizacja stała Lokalizacja bieżąca Miejsce przechowywania Sygnatura Kod kreskowy Status: wypożyczony Typ dokumentu
      Dostępny Biblioteka Politechniki Koszalińskiej Biblioteka Politechniki Koszalińskiej Wypożyczalnia BG 52196 01489736 09.05.2027 Książka
© 2023 Biblioteka Politechniki Koszalińskiej :: KOHA